| 000 | 01490njm a2200397 c 4500 | ||
|---|---|---|---|
| 003 | BLK | ||
| 005 | 20180421002655.0 | ||
| 008 | 180410b bul||n||s|||||||| n|bulo| | ||
| 010 | _aCDD00007090000 | ||
| 020 |
_aМК 54130 _bиздат.: AMG |
||
| 040 | _aBLK | ||
| 041 |
_aBUL _cBUL |
||
| 072 | 7 |
_2bullib _aФ08 _xДруги Ф |
|
| 080 |
_aГимнастика. Лека атлетика. Акробатика. Вж и 615.825.1; 791.86; 796.8; 796.91 ; Тежка атлетика вж 796.8 _b796.4 _x-055.2(086.8) _z796.4-055.2(086.8) |
||
| 100 | 1 |
_aШоенфелд, Брад _eпърви автор _9143864 |
|
| 139 |
_aШоенфелд, Брад _bШ 81 |
||
| 245 | 1 | 0 |
_a[Фитнес] Fitness за жени [DVD] _b41 осн. упражнения, чието наблюдение спомага за правилното им изпълнение _cБрад Шоенфелд. |
| 257 | _aUSA | ||
| 260 |
_аСофия _bAMG _c2009 |
||
| 300 |
_a(60 мин.) _c12 см |
||
| 306 | _bф | ||
| 380 | _a79 | ||
| 500 | _aКъм кн. със същото загл. и сигн. ІІ 17493. | ||
| 650 | 4 |
_aФитнес _9175862 |
|
| 650 | 4 |
_aГимнастика _9152128 |
|
| 653 | _aфизически упражнения | ||
| 653 | _aаеробика | ||
| 653 | _aфитнес | ||
| 653 | _aжени | ||
| 659 | _aФ | ||
| 852 |
_aЦб CD 3216 _p0 |
||
| 856 | 4 |
_qpdf _u |
|
| 856 | 4 |
_qpdf _u |
|
| 942 |
_cCDD _n0 |
||
| 944 |
_aCR _c26.11.2012 _kЛюдмила_Стоянова |
||
| 944 |
_aED _c15.07.2013 _k |
||
| 999 |
_c225810 _d225810 |
||